000 00691nam a22002657a 4500
001 BR4800161
003 BR-BrBNA
005 20230928082932.0
007 ta
008 230509b bl.||||| |||| 00| 0 por d
040 _aBR-BrBNA
_bpor
_cBiblioteca Nacional de Agricultura
041 _a(Por)
072 _aH20; F70
_b4120
_b/G514
090 _ 4120 BR4800161
100 1 _aBatista, A.C.
245 1 _aAlguns fungos de fumagina de Pernambuco [Brasil]
260 3 _a[np](Brasil):
_c[nd].
300 _a172 p.
500 _a65 illus.; Published after 1948
650 _aFUNGO
650 _aFUMAGINA
650 _aPERNAMBUCO
909 _a202309
_bLucia
_c55
_dLucia Elande
942 _cBK
999 _c10704
_d10704